Normal view
MARC view
- K̲h̲ān̲, Muḥammad Āṣif.
Entry Personal Name
001 - CONTROL NUMBER
- control field: 3893
003 - CONTROL NUMBER IDENTIFIER
- control field: NUST
005 - DATE AND TIME OF LATEST TRANSACTION
- control field: 20170810142056.0
008 - FIXED-LENGTH DATA ELEMENTS
- fixed length control field: 170810|| aca||aabn | a|a d
040 ## - CATALOGING SOURCE
- Original cataloging agency: NUST
- Transcribing agency: NUST
100 ## - HEADING--PERSONAL NAME
- Personal name: K̲h̲ān̲, Muḥammad Āṣif.
670 ## - SOURCE DATA FOUND
- Source citation: Work cat.: (NUST)0: G̲h̲ulām Farīd, K̲h̲vājah, 1845?-1901. 3891, Ākhyā K̲h̲vājah Farīd ne /, 2008.
